01664nam a2200313Ia 4500003000400000005001700004008004100021020001500062040002100077041000800098082002600106100004700132245015400179250002100333260005200354300006100406504003900467505023800506520019400744650004100938650004100979700004301020700004701063700004301110710001201153942001201165999001501177952015801192OSt20200717173202.0191128s1994 ck ad g 000 0dspa d a9586014665 aCO-JMCRcCO-JMCR aspa04a330 .9861 bO151h2231 aOcampo, José Antonio, ecompilador9612910aHistoria económica de Colombia /cGermán Colmenares, Jaime Jaramillo Uribe y Hermes Tovar Pinzón [y otros] ; José Antonio Ocampo (compilador) aCuarta edición aBogotá : bTercer Mundo, Fedesarrollo,c1994. a336 páginas : bgráficos a blanco y negro ; c23 cm. aBibliografía: páginas 332-336.0 aLa formación de la economía colonial (1500-1740) -- La economía del virreinato (1740-1810) -- Las vicisitudes del modelo liberal (1850-1899) -- El despegue cafetero (1900-1928) -- Crisis mundial y cambio estructural (1929-1945)0 aEsta obra considerada ya como clásico de la historia económica, recoge los avances del conocimiento en esta materia y ofrece una visión global del desarrollo del área en cuestión.14aHistoria económicazColombia9688214aEconomía colonialy1500-1740974881 aJaramillo Uribe, Jaime, eautor968851 aOcampo, José Antonio, ecompilador961291 aTovar Pinzón, Hermes, eautor 96886 a 97489 2ddccBK c5441d5441 00102ddc3Donación--15/04/2018--4070aCPLbCPLcGENd2019-11-28eDonacióno330.9861 / O151h p430001922r2024-05-16 00:00:00tEj.1w2019-11-28yBK